000 00246nam a2200097Ia 4500
001 1207191
005 20251016145943.0
008 250824s9999 xx 000 0 und d
245 0 _aBEŞİNCİ KAT
_cGÜLAYŞE KOÇAK
260 _bEVEREST YAYINLARI
999 _c1207191
_d1207191